000 00624nam a2200217Ia 4500
003 GCL
008 140319s9999 xx 000 0 ara d
040 _aGCL /
_cGCL
082 0 4 _a810.9
_bط ذ
100 1 _aطه حسين
245 1 0 _aذكرى ابى العلاء /
_cطه حسين
700 1 _aتوفيق الرافعى
300 _a386
490 _a100 قصة
_v0
650 0 4 _aالشعر العربى
650 0 4 _aالادب العربى
650 0 4 _aالشعراء العرب
650 0 4 _aالشعر العربى - تاريخ ونقد
650 0 4 _aالشعراء العباسيين
942 _2ddc
_cBK
999 _c45977
_d45977